| 000 | 00674nam a2200277Ia 4500 | ||
|---|---|---|---|
| 008 | 181129s9999 xx 000 0 und d | ||
| 020 | _a9780545812122 | ||
| 050 | _bR888 2014 | ||
| 100 | _aRoy, Ron | ||
| 245 | 0 | _aNovember night / | |
| 245 | 0 | _cby Ron Roy ; illustrated by John Steven Gurney. | |
| 260 | _aNew York, NY : | ||
| 260 | _bScholastic, | ||
| 260 | _c2014 | ||
| 300 | _a70 pages : | ||
| 300 | _billustrations ; | ||
| 300 | _c19cm. | ||
| 440 | _aCalendar mysteries. | ||
| 500 | _a620L | ||
| 650 | _aNeighbors. | ||
| 650 | _aThanksgiving Day. | ||
| 650 | _aTwins. | ||
| 700 | _aGurney, John Steven. | ||
| 700 | _aSeries. | ||
| 700 | _aTitle. | ||
| 999 |
_c360080 _d360080 |
||